000 00933nab a2200289 4500
003 BR-BrBNA
005 20250408120340.0
008 250408b bl.||||| |||| 00| 0 por d
040 _aBR-BrBNA
_bpor
072 _aJ10 ; J11 ; E16
100 _aZepper, Paulo
245 _aIntegração total
_bLogística Agrícola - Especial
500 _a2 illus.
650 _aAGRONEGÓCIO
650 _aLOGÍSTICA
650 _aINTEGRAÇÃO
650 _aTRANSPORTE AÉREO
650 _aTRANSPORTE FERROVIÁRIO
650 _aTRANSPORTE FLUVIAL
650 _aTRANSPORTE MARÍTIMO
650 _aTRANSPORTE RODOVIÁRIO
650 _aCOMMODITIES
650 _aCUSTO DE PRODUÇÃO
773 0 _01706
_9346353
_dSão Paulo-SP Editora Três Ltda - E-mail: luizfsa@revistadinheiro.com.br 2004
_o2024-7016
_tDinheiro Rural (Brazil)
_x1807-3700
_gv. 3(23) p. 40-41; (Sep 2006)
_wBR2025000541
942 _cANA
999 _c330911
_d330911